000 00297nam a22001337a 4500
008 170619b xxu||||| |||| 00| 0 eng d
020 _a0253142008
041 _aeng
080 _a94
100 _a16
101 _aSHH
245 _aINSIDE THE IRANIAN REVOLUTION
_cSTEMPEL,J.D
942 _2udc
_cBK
999 _c18114
_d18114